000 03919cam a2200349 a 4500
003 EG-GiCUC
005 20250223032659.0
008 210121s2020 ua dh f m 000 0 eng d
040 _aEG-GiCUC
_beng
_cEG-GiCUC
041 0 _aeng
049 _aDeposite
097 _aPh.D
099 _aCai01.11.25.Ph.D.2020.Ah.I
100 0 _aAhmed Mohamed Abouelainen Elkhawaga
245 1 4 _aThe impact of sagittal balance on clinical outcomes after treatment of patients with lytic spondylolisthesis /
_cAhmed Mohamed Abouelainen Elkhawaga ; Supervised Yasser Hassan Elmiligui , Wael Mohammed Tawfik Koptan , Ahmed Maher Sultan
246 1 5 _aتأثير التوازن السهمى على النتائج السريرية بعد علاج مرضى الانزلاق الفقرى التفككى
260 _aCairo :
_bAhmed Mohamed Abouelainen Elkhawaga ,
_c2020
300 _a139 P. :
_bcharts , facimiles ;
_c25cm
502 _aThesis (Ph.D.) - Cairo University - Faculty of Medicine - Department of Orthopedic Surgery
520 _aBackground: Lytic spondylolisthesis represent a common disabling condition with a significant impact on the social, working and economic lives of patients. The role of surgical correction of sagittal imbalance in cases of lytic spondylolisthesis is essential. Evidence of the possible short- and long-term benefits of restoring sagittal balance is upgrading.Purpose: To evaluate the sagittal balance improvement in surgically treated patients with Lytic Spondylolisthesis and its relation to clinical improvement. Patient sample: Prospective case study of 25 patients with LyticSpondylolisthesis with followup 12 months at least. Outcome measures: Patients were evaluated by the Visual Analogical Scale (VAS) for low back pain (LBP) and leg pain (LP) and Oswestry Disability Index (ODI) preoperatively and postoperatively 1, 3, 6, 12 months. The radiological evaluation of pelvic incidence, pelvic tilt, sacral slope and lumbar lordosis, were preoperatively, postoperatively and at 12th month. The evaluation of fusion followed the Brantigan methodology depending on X-ray and CT on 6&12 months when indicated. Methods: It consisted of a prospectively collected consecutive series of 25 patients with Lytic Spondylolisthesis who met inclusion criteria treated between January 2018 and February 2019. Fourteen cases were managed by posterolateral fusion (PLF), 6 cases by posterior interbody fusion (PLIF) and 5 cases (20%) by mixing PLF and PLI. Fusion supplemented by posterior instrumentation for all cases by polyaxialpedicular screws and rods aiming for maintaining correction of the sagittal imbalance in Cairo University hospital, Egypt. The study included 4 males and 21 females with the youngest patient was 35 years old and the eldest patient was 59 years old. Pre-operative assessment: History taking, clinical examination and radiological assessment (Plain X-Ray, MRI). Results: All patients achieved satisfactory results as regards the back pain, radicular pain and neurologic deficits. ODI significantly improved from 69.32±6.91 preoperatively to 32.16±4.91 at 1m, 16.92±4.74 at 6m and 10.76±2.59 at 12m (P <0.001). Mean Back pain VAS decreased significantly from 8.84±0.85 preoperatively to 4.00±0.82 at 1m, 1.76 ± 0.66 at 6m and 0.92 ±0.76 at 12m (P <0.001). Mean Leg pain VAS decreased significantly from 8.16±1.07 preoperatively to 2.80± 0.91 at 1m, 1.04± 0.73 at 6m and 0.72±0.74 at 12m (P <0.001)
530 _aIssued also as CD
653 4 _aLytic Spondylolisthesis
653 4 _aSagittal Balance
653 4 _aSpinopelvic Parameters& Spinal fusion
700 0 _aAhmed Maher Sultan ,
_eSupervisor
700 0 _aWael Mohammed Tawfik Koptan ,
_eSupervisor
700 0 _aYasser Hassan Elmiligui ,
_eSupervisor
856 _uhttp://172.23.153.220/th.pdf
905 _aNazla
_eRevisor
905 _aShimaa
_eCataloger
942 _2ddc
_cTH
999 _c79714
_d79714